00608cam a2200193 a 450000100100000000500170001000800410002703500190006804000300008708200190011710000340013624500460017026000500021630000210026649000280028765000280031565000400034383000310038300001004620200929161822.0880513s1986 nq 000 p spa  a(DLC) 88884392 aDO-SdBNPcDLCdDLCbBNPHU aN861.44bV181m1 aValle-Castillo, Julio,d1952-10aMateria jubilosa /cJulio Valle-Castillo. aManagua, Nicaragua :bNueva Nicaragua,c1986. a144 p. ;c20 cm.1 aLetras de Nicaraguav20 4aPoesía nicaragüense 4aLiteratura nicaragüenseySIGLO XX 0aLetras de Nicaragua ;v20.